Statistics for Animal in the Lyrics #3

Click here to take the quiz!

General Stats

  • This quiz has been taken 34 times
  • The average score is 8 of 15

Answer Stats

HintAnswer% Correct
Louder, louder than a ____ / 'Cause I am a champion and you're gonna hear me roarLion
93%
You're a pretty little flower / I'm a busy little ___ / Honey that's all you need to seeBee
89%
_______ soldier, dreadlock Rasta / There was a _______ soldier / In the heart of AmericaBuffalo
89%
Moving on the floor now babe you're a ____ of paradise / Cherry ice cream smile I suppose it's very niceBird
75%
And he wakes to find the fire's dead and arrows in his hats / And Davy Crockett rides around and says it's cool for ___sCat
71%
I said ooh girl / Shock me like an ________ ___ / Baby girl / Turn me on with your electric feelElectric eel
71%
Wild _____s couldn't drag me away / Wild, wild _____s couldn't drag me awayHorse
71%
_________ singing in the dead of night / Take these broken wings and learn to flyBlackbird
57%
The wild ___s cry out in the night / As they grow restless, longing for some solitary companyDog
57%
Baby _____, doo doo doo doo doo dooShark
54%
Jeremiah was a ________ / Was a good friend of mineBullfrog
50%
But it's okay to eat ____ / 'Cause they don't have any feelingsFish
21%
Strummin' my six string on my front porch swing / Smell those ______ they're beginnin' to boilShrimp
18%
Tambourines and ________s are playin' in the band / Won't you take a ride on the flyin' spoon? Doo, doo, dooElephant
14%
You gonna burn, burn, burn, burn, burn to the wick / Ooo, _________Barracuda
11%

Score Distribution

Percentile by Number Answered

Percent of People with Each Score

Your Score History

You have not taken this quiz